000 00815nas a2200241 4500
001 BR8101828
003 BR-BrBNA
005 20231205084608.0
007 ta
008 230509b bl.|||p| |||| 00| 00por d
040 _aBR-BrBNA
_bpor
_cBiblioteca Nacional de Agricultura
041 _a(Pt)
072 _aP05
100 1 _aCarioca, J.O.B.
100 1 _aArora, H.L.
245 1 _aCelula a combustivel e a geracao de energia em regioes remotas [Recurso energetico; Brasil]
246 1 _a[The fuel cell and energy generation in remote areas [Energy resource; Brazil]]
650 _aRecurso energetico
650 _aCombustivel
773 0 _tEnergia Fontes Alternativas (Brazil)
_xISSN 0100-6371
_g(Jan 1981), v. 3(12) p. 24-31
_wBR8101828
909 _a202311
_bLúcia
_c55
_dLúcia Elande
942 _2AGRIS
_n0
_cANA
999 _c106152
_d106152